000 00506nam a22001577a 4500
003 OSt
005 20240418162227.0
008 240418b |||||||| |||| 00| 0 eng d
040 _cMRSPTU
100 _aGurmukh Singh (ਗੁਰਮੁੱਖ ਸਿੰਘ)
245 _aChonvin Bani Guru Gobind Singh Ji (ਚੋਣਵੀਂ ਬਾਣੀ ਗੁਰੂ ਗੋਬਿੰਦ ਸਿੰਘ ਜੀ)
250 _a1st
260 _aPunjab
_bDirector Education Department
_c1996
300 _a160
942 _2ddc
_cBK
_n0
999 _c10096
_d10096